Estadísticas para Prueba de las Comoras

Haz click aquí para tomar la prueba!

Estadísticas generales

  • Esta prueba ha sido tomada 226 veces
  • La puntuación promedio es 9 de 14

Estadísticas de respuestas

PistaRespuesta% Correcto
Idiomas oficialesFrancés
96%
El país africano continental más cercanoMozambique
94%
Comoras está en este océanoOcéano Índico
92%
Religión del estadoIslam
90%
¿Qué ha hecho el Monte Karthala más de 20 veces desde 1900?Erupcionado
75%
Idiomas oficialesÁrabe
70%
¿Qué tipo de crisis política experimentaron las Comoras en 1975, 1978, 1989, 1995 y 1999?Golpe de Estado
70%
Capital de las ComorasMoroni
69%
Muchas parejas ahorrarán dinero durante toda su vida para pagar la ____, lo que puede costar varios años de salario.Boda
54%
Isla cercana que votó en 1974 para seguir siendo parte de Francia, en lugar de unirse a las ComorasMayotte
54%
El primer explorador europeo en visitar las Comoras, en 1503Vasco da Gama
54%
La isla más grande y más poblada de Comoras{Grande} Comore
49%
Idiomas oficialesComoriano
27%
¿Qué representa el 40% de las exportaciones de las Comoras?Especias
22%

Distribución de puntuación

Porcentaje por número respondido

Porcentaje de gente con cada puntuación

Historial de tus puntuaciones

No has tomado esta prueba